000 00475ntaaa2200169 4500
003 01
005 20251027203007.0
008 0714s1973 ag 01
040 _aAR-BaBN
_bspa
_cAR-BaBN
_eaacr
_dRIC
100 _aEliot, George
_930964
245 _aSilas Marner /
_cGeorge Eliot
260 _aNew York :
_bNew American Library of World Literature,
_cc1962
300 _a190 p.
500 _aBAJA PATRIMONIAL POR OBSOLESCENCIA 20180814
650 _aNovela
_96781
942 _cBK
999 _c25358
_d25358